| 000 | 00000nam 2200000za 4500 |
| 001 | 9.686373 |
| 003 | CaOODSP |
| 005 | 20210624230516 |
| 007 | cr ||||||||||| |
| 008 | 150407s2003 onc|||||o f|0| 0 eng d |
| 020 | |a0-662-33163-X |
| 040 | |aCaOODSP|beng |
| 043 | |an-cn--- |
| 086 | 1 |aRH64-24/2002E-PDF |
| 110 | 1 |aCanada.|bHuman Resources Development Canada. |bStrategic Policy. |
| 245 | 10|aEarly childhood development activities and expenditures |h[electronic resource] : |bgovernment of Canada report 2001-2002 / |cco-published by Health Canada and Indian and Northern Affairs Canada. |
| 260 | |aOttawa : |bHuman Resources Development Canada, |c2003. |
| 300 | |a[4], 102 p. : |billus., tables. |
| 500 | |aAt head of title: Federal/Provincial/Territorial Early Childhood Development Agreement. |
| 500 | |aCo-published by Health Canada, Human Resources Development Canada, and Indian and Northern Affairs Canada. |
| 590 | |a03-29|b2003-07-18 |
| 710 | 2 |aHealth Canada. |
| 710 | 2 |aIndian and Northern Affairs Canada. |
| 775 | 08|tActivités et dépenses relatives au développement de la petite enfance |w(CaOODSP)9.630844 |
| 776 | 0#|tEarly childhood development activities and expenditures : |w(CaOODSP)9.664129 |
| 776 | 0#|tActivités et dépenses relatives au développement de la petite enfance : |w(CaOODSP)9.664130 |
| 794 | |tEarly childhood development activities and expenditures report |w(CaOODSP)9.686547 |
| 795 | |tFederal/Provincial/Territorial Early Childhood Development Agreement |w(CaOODSP)9.696353 |
| 856 | 40|ahttp://publications.gc.ca|qPDF|s1311 KB|uhttps://publications.gc.ca/collections/Collection/RH64-24-2002E.pdf |